Textbook of Histoiography (Record no. 14006)
[ view plain ]
| 000 -LEADER | |
|---|---|
| fixed length control field | 00626nam a2200241 a 4500 |
| 020 ## - INTERNATIONAL STANDARD BOOK NUMBER | |
| ISBN | 8125026576 |
| 082 00 - DEWEY DECIMAL CLASSIFICATION NUMBER | |
| Classification number | 907.202 |
| Author Cutter | SRE |
| 100 ## - MAIN ENTRY--AUTHOR NAME | |
| Author name | Sreedharan, E |
| 245 ## - TITLE STATEMENT | |
| Title | Textbook of Histoiography |
| Sub title | 500 BC to Ad 2000 |
| 260 ## - PUBLICATION, DISTRIBUTION, ETC. (IMPRINT) | |
| Place of publication | New Delhi |
| Name of publisher | Orient Blackswan |
| Year of publication | 2009 |
| 300 ## - PHYSICAL DESCRIPTION | |
| Number of Pages | 570p |
| 500 ## - GENERAL NOTE | |
| General note | includes index and biblioraphy |
| 505 2# - FORMATTED CONTENTS NOTE | |
| Formatted contents note | references, biblio, index |
| 650 ## - SUBJECT ADDED ENTRY--TOPICAL TERM | |
| Topical Term | Historiography |
| 942 ## - ADDED ENTRY ELEMENTS (KOHA) | |
| Koha item type | Books |
| 700 1# - | |
| -- | Sreedharan, E |
| Collection code | Home library | Current library | Date acquired | Cost, normal purchase price | Full call number | Accession Number | Koha item type |
|---|---|---|---|---|---|---|---|
| Henry Martyn Institute Library | Henry Martyn Institute Library | 02/06/2012 | 375.00 | 907.202 SRE | 023158 | Books |
